000 00630nam a2200205 a 4500
005 20250301063805.0
008 020709s1999 mx r 000 0 spa d
020 _a8427712707
035 _aUPN01000118026
049 _aCG
050 4 _aHQ1236
_bS5.3
100 1 _aSimón Rodríguez, María Elena
_942080
245 1 0 _aDemocracia vital :
_bmujeres y hombres hacia la plena ciudadanía /
_cMa. Elena Simón Rodríguez.
260 _aMadrid :
_bNarcea,
_c1999.
300 _a222 p.
440 0 _aMujeres
650 4 _aIgualdad ante la ley
_914260
650 2 _aMujeres
_xHistoria y condición de la mujer
_91583
905 _aLibro
999 _c90421
_d90421